[Event "Cochabamba op 6th"]
[Site "Cochabamba"]
[Date "2023.03.04"]
[Round "5"]
[White "Monroy Garzon, Nataly Alejandra"]
[Black "Tapia Espada, Antonio Enrique"]
[Result "1-0"]
[WhiteElo "1889"]
[BlackElo "1692"]
[PlyCount "125"]
[EventDate "2023.03.02"]
[EventType "swiss"]
[EventRounds "7"]
[EventCountry "BOL"]
[SourceTitle "CBM 213 Extra"]
[Source "ChessBase"]
[SourceDate "2023.05.31"]
[SourceVersion "1"]
[SourceVersionDate "2023.05.31"]
[SourceQuality "1"]

1. d4 Nf6 2. Nf3 e6 3. c4 d5 4. Nc3 Be7 5. Bf4 0-0 6. e3 a6 7. cxd5 exd5 8. Bd3 Nbd7 9. 0-0 Re8 10. Rc1 Nf8 11. h3 Ng6 12. Bh2 Bd6 13. Bxd6 Qxd6 14. Qc2 Bd7 15. Qb3 Rab8 16. a3 Bc6 17. Ne2 Ne4 18. Bxe4 dxe4 19. Nd2 Bb5 20. Rfe1 Bxe2 21. Rxe2 Nh4 22. g3 Nf3+ 23. Kg2 Nxd2 24. Rxd2 h5 25. Rc5 g6 26. Qd5 Qxd5 27. Rxd5 Rbd8 28. Rc5 c6 29. g4 hxg4 30. hxg4 f6 31. b4 Rd6 32. Rdc2 Kf7 33. Rc1 Rh8 34. d5 Rc8 35. R1c4 f5 36. gxf5 gxf5 37. dxc6 Rg6+ 38. Kf1 Rgxc6 39. Rxf5+ Ke6 40. Rxc6+ Rxc6 41. Rh5 Rc3 42. Ra5 Kd6 43. Kg2 Rc8 44. Kg3 Rf8 45. Rh5 Rf3+ 46. Kg2 Rf6 47. Rg5 Rf7 48. Rh5 Rf6 49. Rh7 b5 50. Rh5 Rg6+ 51. Kf1 Rf6 52. Ke2 Rg6 53. a4 bxa4 54. Ra5 Rg1 55. Rxa6+ Kd5 56. Rxa4 Rb1 57. Ra5+ Kc4 58. Re5 Rb2+ 59. Kf1 Rb1+ 60. Kg2 Kd3 61. Rd5+ Ke2 62. Rd4 Rc1 63. Rxe4 1-0

[Event "Santa Cruz op 5th"]
[Site "Santa Cruz"]
[Date "2023.02.16"]
[Round "1"]
[White "Monroy Garzon, Nataly Alejandra"]
[Black "Suarez Antelo, Jesus"]
[Result "1-0"]
[WhiteElo "1930"]
[BlackElo "1376"]
[PlyCount "71"]
[EventDate "2023.02.16"]
[EventType "swiss"]
[EventRounds "7"]
[EventCountry "BOL"]
[SourceTitle "CBM 212 Extra"]
[Source "ChessBase"]
[SourceDate "2023.03.31"]
[SourceVersion "1"]
[SourceVersionDate "2023.03.31"]
[SourceQuality "1"]

1. d4 f5 2. Bg5 Nf6 3. Bxf6 exf6 4. g3 d5 5. Bg2 c6 6. e3 Bd6 7. Qh5+ g6 8. Qh6 Qe7 9. Nd2 Na6 10. a3 Be6 11. Nh3 0-0-0 12. Nf4 Nc7 13. 0-0 Qd7 14. Nxe6 Nxe6 15. c4 Bf8 16. Qh4 g5 17. Qh5 Ng7 18. Qe2 h5 19. cxd5 cxd5 20. Rfc1+ Kb8 21. Nb3 Ne6 22. Rc3 Bd6 23. Rac1 h4 24. Nc5 Nxc5 25. dxc5 Be5 26. c6 Qc7 27. Rb3 b6 28. a4 hxg3 29. hxg3 d4 30. a5 dxe3 31. axb6 exf2+ 32. Kf1 axb6 33. Qa6 Bd4 34. Ra1 Qe7 35. c7+ Qxc7 36. Qa8# 1-0

[Event "Online Olym Div2 E"]
[Site "Chess.com INT"]
[Date "2020.08.14"]
[Round "2.6"]
[White "Diaz Charpentier, Kristel Melissa"]
[Black "Monroy Garzon, Nataly Alejandra"]
[Result "1-0"]
[WhiteElo "1871"]
[BlackElo "1942"]
[PlyCount "99"]
[EventDate "2020.08.14"]
[EventType "team-tourn (rapid)"]
[EventRounds "9"]
[EventCountry "USA"]
[SourceTitle "CBM 198"]
[Source "ChessBase"]
[SourceDate "2020.10.31"]
[SourceVersion "1"]
[SourceVersionDate "2020.10.31"]
[SourceQuality "1"]
[WhiteTeam "Costa Rica"]
[BlackTeam "Bolivia"]
[WhiteTeamCountry "CRI"]
[BlackTeamCountry "BOL"]

1. Nf3 g6 2. b3 Bg7 3. d4 d5 4. Bb2 Nf6 5. g3 0-0 6. Bg2 b6 7. 0-0 Bb7 8. c4 c5 9. dxc5 bxc5 10. cxd5 Bxd5 11. Nc3 Bc6 12. Qc2 Na6 13. Rfd1 Qb6 14. Rac1 Nb4 15. Qb1 Rfb8 16. Ne5 Bxg2 17. Kxg2 Rd8 18. Na4 Qb7+ 19. Kg1 Ne4 20. Rxd8+ Rxd8 21. Nxc5 Nxc5 22. Rxc5 Qa6 23. Rc4 Qxa2 24. Qxa2 Nxa2 25. Kg2 Rb8 26. Ra4 Nb4 27. Rxa7 e6 28. Nc4 Bxb2 29. Nxb2 Nd5 30. Ra3 Nc3 31. Kf3 Nb1 32. Ra2 Rxb3+ 33. Nd3 Nc3 34. Ra8+ Kg7 35. h4 Nd5 36. Kg2 Nc3 37. Ra7 Nxe2 38. Ne5 Kf6 39. Nxf7 Nd4 40. Ng5 h6 41. Ne4+ Ke5 42. Nc5 Rb1 43. Ra6 Rd1 44. Nd7+ Kd5 45. Nf6+ Ke5 46. Ng4+ Ke4 47. Ra4 Rd2 48. Nxh6 Rb2 49. Ng4 Rd2 50. Ne3 1-0